[Event "DEM U10 2017"]
[Site "Willingen GER"]
[Date "2017.06.04"]
[Round "2"]
[White "Sommer, Justus"]
[Black "Petzke, Julian"]
[Result "0-1"]
[Termination "normal"]
[Board "25"]
[WhiteElo "1081"]
[BlackElo "1279"]
[PlyCount "60"]
[WhiteFideId "16245008"]
[BlackFideId "16244885"]
[EventCountry "GER"]
[EventRounds "11"]
[EventType "swiss"]
[EventDate "2017.06.03"]

1. e4 e6 2. d4 d5 3. exd5 exd5 4. c4 Nf6 5. Nc3 Be6 6. cxd5 Nxd5 7. Nf3 Bb4 8.
Bd2 Nc6 9. Bb5 O-O 10. O-O Nf6 11. Bxc6 bxc6 12. Bg5 Bg4 13. Ne4 Be7 14. Nxf6+
Bxf6 15. Be3 Qd6 16. Qd2 Bxf3 17. gxf3 Kh8 18. Rad1 Rad8 19. b3 Rfe8 20. Rfe1
Re7 21. Qb2 c5 22. Rd3 Bxd4 23. Qd2 Qf6 24. Bxd4 Rxe1+ 25. Qxe1 Qg6+ 26. Kh1
Qxd3 27. Bxc5 Qxf3+ 28. Kg1 Rd1 29. Kf1 Qh1+ 30. Ke2 Qxe1+ 0-1

[Event "DEM U10 2017"]
[Site "Willingen GER"]
[Date "2017.06.04"]
[Round "2"]
[White "Prizker, Maximilian"]
[Black "Willsch, Justin"]
[Result "0-1"]
[Termination "normal"]
[Board "26"]
[WhiteElo "1016"]
[BlackElo "1221"]
[PlyCount "56"]
[WhiteFideId "16225686"]
[BlackFideId "16229762"]
[EventCountry "GER"]
[EventRounds "11"]
[EventType "swiss"]
[EventDate "2017.06.03"]

1. e4 e6 2. Nf3 d5 3. exd5 exd5 4. d4 Bd6 5. Bd3 Ne7 6. O-O O-O 7. Nc3 c6 8.
Re1 Bg4 9. Be2 Qc7 10. h3 Bh5 11. Bd2 Nf5 12. g4 Bg6 13. gxf5 Bxf5 14. Kg2 Qd7
15. Rh1 Re8 16. Be3 h6 17. Ng1 Re6 18. Kf1 Re8 19. Bg4 Bxg4 20. Qxg4 Qe7 21.
Re1 Qf6 22. Nf3 Na6 23. Qh4 Qxf3 24. Rg1 Qf5 25. Qxh6 g6 26. Rg5 Qxc2 27. h4
Bf8 28. Rc1 Qd3+ 0-1

[Event "DEM U10 2017"]
[Site "Willingen GER"]
[Date "2017.06.04"]
[Round "2"]
[White "Meusel, Johannes"]
[Black "Fröhlich, Niklas"]
[Result "1-0"]
[Termination "normal"]
[Board "27"]
[WhiteElo "1212"]
[BlackElo "1023"]
[PlyCount "64"]
[WhiteFideId "16244893"]
[BlackFideId "16245016"]
[EventCountry "GER"]
[EventRounds "11"]
[EventType "swiss"]
[EventDate "2017.06.03"]

1. e4 c5 2. Nf3 d6 3. d4 cxd4 4. Nxd4 Nf6 5. Bb5+ Bd7 6. Qe2 e5 7. Nf5 a6 8.
Bxd7+ Qxd7 9. O-O g6 10. Ng3 h5 11. f4 Qd8 12. fxe5 h4 13. Bg5 Qb6+ 14. Qf2
Qxf2+ 15. Rxf2 hxg3 16. Rxf6 Be7 17. exd6 gxh2+ 18. Kh1 Bxf6 19. Bxf6 Rh7 20.
Be5 Nc6 21. Bxh2 Rd8 22. Kg1 Nd4 23. Nc3 Nxc2 24. Rd1 Ne3 25. Rd3 Ng4 26. Bf4
f6 27. Rg3 f5 28. Nd5 Kd7 29. Rxg4 fxg4 30. Nf6+ Ke6 31. Nxh7 Kf7 32. Ng5+ Kf6
1-0

[Event "DEM U10 2017"]
[Site "Willingen GER"]
[Date "2017.06.04"]
[Round "2"]
[White "Zinnikus, Elias"]
[Black "Greßler, Christian"]
[Result "0-1"]
[Termination "normal"]
[Board "28"]
[WhiteElo "776"]
[BlackElo "1198"]
[PlyCount "56"]
[WhiteFideId "16245024"]
[BlackFideId "16244907"]
[EventCountry "GER"]
[EventRounds "11"]
[EventType "swiss"]
[EventDate "2017.06.03"]

1. Nf3 d5 2. d4 Nc6 3. c4 e6 4. Nc3 Nf6 5. e3 Bb4 6. Qc2 Bd7 7. Bd3 Ne7 8. O-O
Ng6 9. Bd2 Bd6 10. c5 Be7 11. e4 c6 12. Bg5 h6 13. Bxf6 Bxf6 14. e5 Bg5 15.
Bxg6 fxg6 16. Qxg6+ Kf8 17. Rfe1 Qe7 18. Nxg5 hxg5 19. Re3 Be8 20. Rf3+ Kg8 21.
Qd3 Bh5 22. Rh3 g4 23. Rg3 Qg5 24. Re1 Bg6 25. Qe3 Qh4 26. Qf4 Qxh2+ 27. Kf1
Bd3+ 28. Re2 Qh1# 0-1

[Event "DEM U10 2017"]
[Site "Willingen GER"]
[Date "2017.06.04"]
[Round "2"]
[White "Cromm, Mika"]
[Black "Hubert, Nikita"]
[Result "1-0"]
[Termination "normal"]
[Board "29"]
[WhiteElo "1175"]
[BlackElo "957"]
[PlyCount "83"]
[WhiteFideId "16244915"]
[BlackFideId "16235754"]
[EventCountry "GER"]
[EventRounds "11"]
[EventType "swiss"]
[EventDate "2017.06.03"]

1. d4 d5 2. c4 e6 3. Nc3 Nf6 4. Nf3 Be7 5. Bf4 O-O 6. e3 b6 7. Be2 Bb7 8. O-O
Nbd7 9. a3 dxc4 10. Bxc4 Ne4 11. Bd3 Ndf6 12. Nd2 Nxd2 13. Qxd2 Nd5 14. Nxd5
Bxd5 15. f3 f5 16. Qf2 Bh4 17. Qc2 g5 18. Bxc7 Qc8 19. Be5 Qxc2 20. Bxc2 g4 21.
fxg4 fxg4 22. Rxf8+ Rxf8 23. Rf1 Rxf1+ 24. Kxf1 Bc4+ 25. Kg1 Bg5 26. Kf2 a6 27.
Bc7 b5 28. Be4 Bd5 29. Bxd5 exd5 30. Bf4 Bd8 31. Kg3 h5 32. Kf2 Kg7 33. Ke2 a5
34. Kd3 b4 35. axb4 axb4 36. b3 Kg6 37. e4 dxe4+ 38. Kxe4 Kf6 39. d5 Ke7 40.
Kf5 Kd7 41. Kg6 h4 42. Kh5 1-0